000 01135nam a2200289 i 4500
003 DO-SdBNP
005 20240610151430.0
007 ta
008 240610t2022 dr 000 0 spa d
020 _a9789945623147
040 _aDO-SdBNP
_bspa
_cBNPHU
_erda
082 _bS225
_222
100 1 _aSang Ben, Miguel,
_d1948-
_eautor
_983227
245 1 3 _aDilemas estratégicos dominicanos :
_bensayos y artículos sobre geopolítica, relaciones internacionales y seguridad, desde la nación dominicana /
_cMiguel Sang Ben ; introducción Roberto Álvarez, José Rafael Espaillat
264 1 _aSanto Domingo :
_bINESDYC,
_c2022.
300 _a236 páginas
_c24 cm.
336 _2rdacontent
_atexto
_btxt
337 _2rdamedia
_asin mediación
_bn
338 _2rdacarrier
_avolumen
_bnc
500 _aIncluye notas al pie de páginas.
590 _aInventariado, 2024/ YL
700 1 _aÁlvarez, Roberto
_epresentación
_949367
700 1 _aEspaillat, José Rafael
_epresentación
_985621
710 _aInstituto de Educación Superior en Formación Diplomática y Consular (INESDYC)
_984530
910 _aYlockward
942 _2ddc
_cLBS1
999 _c56799
_d56799